Sports Quiz

Random Sports or NFL Quiz
Score 0/100 Timer 10:00
0 Plays Today
Team Player % Correct
ATLJulio Jones
99.9%
PITAntonio Brown
99.7%
ARIJohn Brown
99.6%
GBJames Jones
99.6%
CINMarvin Jones
99.6%
NYGOdell Beckham Jr.
98.4%
DENDemaryius Thomas
98.3%
CINA.J. Green
98.3%
DETCalvin Johnson
98.3%
ARILarry Fitzgerald
98%
CLEDuke Johnson Jr.
97.9%
INDAndre Johnson
97.9%
SDSteve Johnson
97.9%
NYJBrandon Marshall
97.6%
NERob Gronkowski
97.6%
HOUDeAndre Hopkins
96.9%
JACAllen Robinson
95.2%
TBMike Evans
95%
INDT.Y. Hilton
94.2%
DENEmmanuel Sanders
93.9%
OAKAmari Cooper
92.3%
WASDeSean Jackson
92.2%
TBVincent Jackson
91.7%
CARGreg Olsen
91%
MIAJarvis Landry
90.6%
SEADoug Baldwin
90.6%
KCJeremy Maclin
90.5%
NYJEric Decker
89.9%
BUFSammy Watkins
89.7%
BALSteve Smith Sr.
89.2%
SFTorrey Smith
89%
PITMartavis Bryant
88.6%
DETGolden Tate
87.9%
NEJulian Edelman
87.9%
Team Player % Correct
JACAllen Hurns
86.5%
GBRandall Cobb
85.9%
SEAJimmy Graham
84.8%
NOBrandin Cooks
84.3%
KCTravis Kelce
84.2%
OAKMichael Crabtree
82.8%
DALJason Witten
82.2%
TENDelanie Walker
81.8%
WASPierre Garcon
81.5%
DALTerrance Williams
81.2%
PHIJordan Matthews
80.6%
MIARishard Matthews
80.6%
STLJared Cook
80.1%
CHIAlshon Jeffery
78.9%
SDKeenan Allen
78.5%
CLETravis Benjamin
77.9%
WASJordan Reed
77.6%
CARTed Ginn Jr.
77.4%
SDAntonio Gates
76.9%
ARIMichael Floyd
76.8%
SDMalcolm Floyd
76.8%
CLEGary Barnidge
75.4%
SFAnquan Boldin
74.5%
ATLRoddy White
73.9%
PHIZach Ertz
71.5%
PITHeath Miller
69.9%
NOMarques Colston
69.9%
NEDanny Amendola
68.4%
MINStefon Diggs
67.4%
NYGRueben Randle
60.8%
CINTyler Eifert
60.1%
PITMarkus Wheaton
59.4%
SEAJermaine Kearse
58.8%
SEATyler Lockett
58.5%
Team Player % Correct
NOBen Watson
57.8%
DETEric Ebron
57.4%
MINMike Wallace
57.1%
DALCole Beasley
56.1%
STLKenny Britt
55.4%
INDCoby Fleener
55%
NOWillie Snead
54.4%
BALKamar Aiken
54.4%
SDDanny Woodhead
53.6%
GBRichard Rodgers
52%
INDDonte Moncrief
51.1%
HOUNate Washington
50.7%
NEBrandon LaFell
50.4%
BUFRobert Woods
49.7%
GBDavonte Adams
49.7%
ATLDevonta Freeman
49.3%
MINKyle Rudolph
48.9%
BUFCharles Clay
46.3%
CARDevin Funchess
43.4%
DENOwen Daniels
43%
ATLJacob Tamme
41.7%
MIADeVonte Parker
38.6%
CLEBrian Hartline
38.2%
DETTheo Riddick
34.6%
WASJamison Crowder
33.9%
HOUCecil Shorts III
33.8%
TENDorial Green-Beckham
33.6%
CARJerricho Cotchery
32.1%
NYGShane Vereen
30.2%
TBCharles Sims
28.6%
OAKSeth Roberts
24.6%
SDDontrelle Inman
23.9%
Remove Ads.
Support Sporcle.
Get the best of Sporcle when you Go Orange. This ad-free experience offers more features, more stats, and more fun while also helping to support Sporcle. Thank you for becoming a member.

You're not logged in!

Compare scores with friends on all Sporcle quizzes.
OR
Log In

Sporcle TV

Today on Sporcle TV


Watch our educational content, quiz creation guides, and fun videos on Sporcle TV.

Show Comments

Extras

Top Quizzes Today


Score Distribution

Paid Content

Your Account Isn't Verified!

In order to create a playlist on Sporcle, you need to verify the email address you used during registration. Go to your Sporcle Settings to finish the process.

Report this User

Report this user for behavior that violates our Community Guidelines.

Details: